00581 2200229 4500001002100000005001700021008004100038035002400079082001000103090002000113100001600133245005100149260002500200300001900225500002700244650002200271850001200293980001300305985000600318986001200324999001500336YOGYA-0209000002727420090227024128.0 ind  0010-020900000027274 a658.3 a658.3bSuj PlQ aSUJADI, F.X aPokok-pokok manajemen kepegawaiancF.X Sudjadi aJakartab[s.n]c1976 a110 hlmb28 cm aBibliografi : hlm. 110 aManajemen pegawai aYOPDYOG a07-03-07 a1 aIndah.P a06A0020595